Fármacos (Record no. 61763)
[ view plain ]
| 000 -LEADER | |
|---|---|
| campo de control de longitud fija | 00596nam a2200169 i 4500 |
| 001 - NÚMERO DE CONTROL | |
| campo de control | 61763 |
| 003 - IDENTIFICADOR DE NÚMERO DE CONTROL | |
| campo de control | ES-MaACL |
| 007 - CAMPO FIJO DE DESCRIPCIÓN FÍSICA--INFORMACIÓN GENERAL | |
| campo de control de longitud fija | t| |
| 008 - DATOS DE LONGITUD FIJA--INFORMACIÓN GENERAL | |
| campo de control de longitud fija | 031113s1953 sp ||||1| spa d |
| 245 00 - MENCIÓN DEL TÍTULO | |
| Título | Fármacos |
| Resto del título | : enciclopedia de medicamentos y especialidades / |
| Mención de responsabilidad, etc. | editada por Francisco Benito Garín y Mª del Carmen González Laquidain. |
| 250 ## - MENCION DE EDICION | |
| Mención de edición | 1ª ed. |
| 260 ## - PUBLICACIÓN, DISTRIBUCIÓN, ETC. | |
| Lugar de publicación, distribución, etc. | San Sebastián : |
| Nombre del editor, distribuidor, etc. | [s.n., |
| Fecha de publicación, distribución, etc. | 1953] ( |
| Lugar de fabricación/manufactura | Zarauz : |
| Fabricante | Icharopena) |
| 300 ## - DESCRIPCIÓN FÍSICA | |
| Extensión | 1122 p. ; |
| Dimensiones | 25 cm. |
| 700 1# - ENTRADA AGREGADA--NOMBRE PERSONAL | |
| Nombre de persona | Benito Garín, Francisco. |
| 9 (RLIN) | 27676 |
| 700 1# - ENTRADA AGREGADA--NOMBRE PERSONAL | |
| Nombre de persona | González Laquidain, María del Carmen. |
| 9 (RLIN) | 58741 |
| 852 ## - LOCALIZACIÓN | |
| Ubicación | ES-MaACL |
| Número de control de estantería | E-3289 |
| Estatus retirado | Estado de pérdida | Estado de daño | No para préstamo | Colección | Biblioteca de origen | Biblioteca actual | Ubicación en estantería | Fecha de adquisición | Fuente de adquisición | Total de préstamos | Signatura topográfica completa | Código de barras | Visto por última vez | Precio de reemplazo | Tipo de ítem Koha |
|---|---|---|---|---|---|---|---|---|---|---|---|---|---|---|---|
| Colección de referencia | Biblioteca del Ateneo de Madrid | Biblioteca del Ateneo de Madrid | Depósito 2 | 17/01/2008 | E-3289 | 1064760 | 23/02/2023 | 23/02/2023 | Libro impreso |
